<?xml version="1.0" encoding="UTF-8"?>
<record
    xmlns:xsi="http://www.w3.org/2001/XMLSchema-instance"
    xsi:schemaLocation="http://www.loc.gov/MARC21/slim http://www.loc.gov/standards/marcxml/schema/MARC21slim.xsd"
    xmlns="http://www.loc.gov/MARC21/slim">

  <leader>01891nam a2200325Ia 4500</leader>
  <controlfield tag="001">57231</controlfield>
  <controlfield tag="003">CO-BoRNBP</controlfield>
  <controlfield tag="005">20250605154522.0</controlfield>
  <controlfield tag="007">ta</controlfield>
  <controlfield tag="008">180109s9999    xx            000 0 und d</controlfield>
  <datafield tag="020" ind1=" " ind2=" ">
    <subfield code="a">9788434226524</subfield>
  </datafield>
  <datafield tag="040" ind1=" " ind2=" ">
    <subfield code="a">CO-BoRNBP</subfield>
    <subfield code="b">spa</subfield>
    <subfield code="e">rda</subfield>
    <subfield code="c">CO-BoRNBP</subfield>
  </datafield>
  <datafield tag="041" ind1=" " ind2=" ">
    <subfield code="a">spa</subfield>
  </datafield>
  <datafield tag="082" ind1="0" ind2=" ">
    <subfield code="a">910.3 C24d</subfield>
  </datafield>
  <datafield tag="100" ind1="1" ind2=" ">
    <subfield code="a">Cela, Daniel,</subfield>
    <subfield code="9">60011</subfield>
  </datafield>
  <datafield tag="245" ind1="1" ind2="0">
    <subfield code="a">Dime cosas de tu pa&#xED;s :</subfield>
    <subfield code="b">30 e-mails para la diversidad /</subfield>
    <subfield code="c">Daniel Cela ; ilustraciones de Jordi Costa.</subfield>
  </datafield>
  <datafield tag="250" ind1=" " ind2=" ">
    <subfield code="a">Segunda edici&#xF3;n</subfield>
  </datafield>
  <datafield tag="264" ind1=" " ind2="1">
    <subfield code="a">Barcelona :</subfield>
    <subfield code="b">Parram&#xF3;n;2007</subfield>
  </datafield>
  <datafield tag="300" ind1=" " ind2=" ">
    <subfield code="a">144 p&#xE1;ginas :</subfield>
    <subfield code="b">ilustraciones en color ;</subfield>
    <subfield code="c">28 cm</subfield>
  </datafield>
  <datafield tag="336" ind1=" " ind2=" ">
    <subfield code="a">texto</subfield>
    <subfield code="b">txt</subfield>
    <subfield code="2">rdacontent</subfield>
  </datafield>
  <datafield tag="337" ind1=" " ind2=" ">
    <subfield code="a">sin mediaci&#xF3;n</subfield>
    <subfield code="b">n</subfield>
    <subfield code="2">rdamedia</subfield>
  </datafield>
  <datafield tag="338" ind1=" " ind2=" ">
    <subfield code="a">volumen</subfield>
    <subfield code="b">nc</subfield>
    <subfield code="2">rdacarrier</subfield>
  </datafield>
  <datafield tag="500" ind1=" " ind2=" ">
    <subfield code="a">Incluye glosario.</subfield>
  </datafield>
  <datafield tag="505" ind1="0" ind2=" ">
    <subfield code="a">Australia albin@australia.com.au  Italia raffaella@italia.it  Canada marie@canada.ca  Brasil sebastiao@brasil.br  Rusia nikolai @rusia.ru  Marruecos ahmed@marruecos.ma  Jap&#xF3;n gombei@japon.jp  Per&#xFA; Pablo @peru.pe  Estados Unidos joe@usa.com  Alemania guntherfriederich@alemania.de  Rep&#xFA;blica Sudafricana jeremiah@republicasudafrica.co.za  India suoranie@india.in  Argentina beatriz@argentina.ar  Grecia filipostradiatis@grecia.gr  Kenya wainaina@kenya.ke  Espa&#xF1;a carlota@espa&#xF1;a.es  Colombia julieta@colombia.com.co  Islandia sarahragnar@islandia.is  China lishumei@china.com.cn  Portugal amalia@portugal.pt  Egipto samy@egipto.eg  Holanda willem@holanda.nl  Mexico elias@mexico.mx  Reino Unido maryann@reinounido.uk  Iran shirin@iran.ir  Turquia orhan@turquia.tr  Francia alinedevoix@francia.fr  Guatemala lissette@guatemala.gt  Polonia sabina@polonia.pl  Nueva zelanda oliver@nuevazelanda.nz.</subfield>
  </datafield>
  <datafield tag="650" ind1="0" ind2="4">
    <subfield code="a">Cultura General</subfield>
    <subfield code="2">LEMB</subfield>
    <subfield code="9">60012</subfield>
  </datafield>
  <datafield tag="650" ind1="0" ind2="4">
    <subfield code="a">Cultura</subfield>
    <subfield code="2">LEMB</subfield>
  </datafield>
  <datafield tag="650" ind1="0" ind2="4">
    <subfield code="a">Civilizacion - Historia.</subfield>
    <subfield code="2">LEMB</subfield>
    <subfield code="9">7617</subfield>
  </datafield>
  <datafield tag="700" ind1="1" ind2=" ">
    <subfield code="a">Costa, Jordi, 1966-, ilustrador</subfield>
    <subfield code="9">60013</subfield>
  </datafield>
  <datafield tag="942" ind1=" " ind2=" ">
    <subfield code="2">ddc</subfield>
    <subfield code="c">BK</subfield>
  </datafield>
  <datafield tag="999" ind1=" " ind2=" ">
    <subfield code="c">57231</subfield>
    <subfield code="d">57231</subfield>
  </datafield>
  <datafield tag="952" ind1=" " ind2=" ">
    <subfield code="0">0</subfield>
    <subfield code="1">0</subfield>
    <subfield code="2">ddc</subfield>
    <subfield code="4">0</subfield>
    <subfield code="7">0</subfield>
    <subfield code="8">GEN</subfield>
    <subfield code="a">MECASARI</subfield>
    <subfield code="b">MECASARI</subfield>
    <subfield code="c">GEN</subfield>
    <subfield code="d">2025-06-05</subfield>
    <subfield code="l">0</subfield>
    <subfield code="o">910.3 C24d</subfield>
    <subfield code="p">MDA001119</subfield>
    <subfield code="r">2025-06-05 15:45:38</subfield>
    <subfield code="t">Ej.1</subfield>
    <subfield code="w">2025-06-05</subfield>
    <subfield code="y">BK</subfield>
  </datafield>
</record>
